Quiz o Polsce 31 pytań - Statystyki

Ogólne statystyki
  • Ten quiz został rozwiązany 339 razy
  • Średni wynik to 16 z 31
Statystyki odpowiedzi
Hint Odpowiedź % Poprawnych
Jakie jest największy miasto jakie leży nad morzem Bałtyckim? Gdańsk
97%
Jaki jest najwyższy szczyt w Polsce? Rysy
92%
W którym roku odbyła się Bitwa pod Grunwaldem? 1410
84%
Jakie miasto było pierwszą stolicą Polski? Gniezno
69%
Co jest symbolem Polski? Orzeł
69%
Jakie ryba jest tradycyjnie spożywana w czasie Wigilii? Karp
68%
Która dyscyplina sportu jest najbardziej popularna w Polsce? Piłka Nożna
68%
Kiedy Polska stała się członkiem Unii Europejskiej? 2004
67%
Kto był pierwszym królem Polski? Mieszko
67%
Która rzeka jest najdłuższą rzeką przepływającą przez terytorium Polski? Wisła
65%
Jakie drzewo jest symbolem Polski? Dąb
64%
Kto napisał "Quo Vadis"? Henryk Sienkiewicz
64%
Kto otrzymał dwukrotnie Nagrodę Nobla, w dziedzinie fizyki i chemii? Maria Skłodowska Curie
64%
W którym roku Polska przyjęła chrzest? 966
63%
Kto był polskim astronomem i matematykiem, twórcą heliocentrycznej teorii świata? Mikołaj Kopernik
63%
W którym roku Polska odzyskała niepodległość po 123 latach? 1918
62%
Kto jest polskim skoczkiem narciarskim, zdobywcą Kryształowej Kuli? Adam Małysz
61%
Które miasto jest znane z największego średniowiecznego rynku w Europie? Kraków
61%
Co tradycyjnie kładzie się pod obrus na stole w dniu święta Bożego Narodzenia? Siano
61%
Jak nazywa się tradycyjny polski taniec ludowy? Polonez
52%
Który polski przywódca był jednym z założycieli związku "Solidarność"? Lech Wałęsa
49%
Które miasto jest uważane za polską stolicę kultury filmowej? Wrocław
45%
W którym mieście znajduje się słynna Hala Stulecia, wpisana na listę dziedzictwa UNESCO? Wrocław
45%
W którym roku Polska dołączyła do NATO? 1997
41%
Jaki park narodowy w Polsce jest najstarszy? Białowieski
31%
Które danie jest uważane za polskiego fast fooda? Zapiekanka
21%
Kto był pierwszym elekcyjnym królem Polski? Henryk Walezy
18%
Jakie jest największe jezioro w Polsce Śniadrwy
16%
W którym mieście znajduje się słynny zamek Krzyżtopór? Ujazd
5%
Jak nazywa się tradycyjny polski instrument ludowy? Koza
2%
Która polska postać historyczna jest znana jako "Matka Polka"? Maria Konopnicka
2%
Nie znaleziono quizów pasujących do podanych kryteriów
Rozkład punktacji
Procent ludzi z każdym wynikiem
Percentyl według liczby udzielonych odpowiedzi
Twoja historia wyników
Nie rozwiązałeś tego quizu